000 00288nam a22001337a 4500
008 211011b ||||| |||| 00| 0 eng d
041 _aeng
080 _a510
082 _a510
100 _a36
101 _aMAT
245 _aStandard Mathematical Tables
_cSelby,S.M
942 _2udc
_cBK
999 _c58150
_d58150